|
|
|
|
| LEADER |
00000cam a2200000 a 4500 |
| 001 |
vtls011535293 |
| 003 |
SK-MaSNL |
| 005 |
20260426000042.0 |
| 008 |
200318s2015 xo da f np 000 0 slo |
| 015 |
|
|
|a SNBA2016/04
|
| 020 |
|
|
|a 9788081810107
|q (viazané)
|
| 035 |
|
|
|a urn:nbn:sk:snk-am00a27r
|
| 035 |
|
|
|a urn:nbn:sk:snk-am3hdsa
|
| 035 |
|
|
|a 5D543C85-6EA1-4B4C-BAE7-42F4FA8E1A6F
|
| 040 |
|
|
|a SNK
|b slo
|c SNK
|e AACR2
|
| 041 |
0 |
|
|a slo
|
| 043 |
|
|
|a e-xo---
|
| 044 |
|
|
|a xo
|c SK
|
| 072 |
|
7 |
|a 338.3/.4
|x Hospodárske a výrobné odvetvia
|2 konspekt
|
| 080 |
|
|
|a 338.2
|2 2011
|
| 080 |
|
|
|a 316.422
|2 2011
|
| 080 |
|
|
|a 36
|2 2011
|
| 080 |
|
|
|a (437.6)
|2 2011
|
| 080 |
|
|
|a (075.8)
|2 2011
|
| 100 |
1 |
|
|a Gregová, Elena,
|d 1954-
|4 aut
|9 478285
|
| 245 |
1 |
0 |
|a Hospodárska politika
|c Elena Gregová
|
| 250 |
|
|
|a 1. vyd.
|
| 260 |
|
|
|a Bratislava
|b Dolis
|c 2015
|
| 300 |
|
|
|a 155 s.
|b grafy, sch., tab.
|c 26 cm
|
| 366 |
|
|
|e 150 výt.
|
| 504 |
|
|
|a Bibliogr.: s. 153-155 ; bibliogr. odkazy ; pozn.
|
| 650 |
0 |
7 |
|a hospodárska politika
|2 SNKPH
|9 2279
|
| 650 |
0 |
7 |
|a Economic policy
|2 SNKPHeng
|9 268361
|
| 650 |
0 |
7 |
|a globalizácia
|2 SNKPH
|9 3615
|
| 650 |
0 |
7 |
|a Globalization
|2 SNKPHeng
|9 310513
|
| 650 |
0 |
7 |
|a sociálna politika
|2 SNKPH
|9 2333
|
| 650 |
0 |
7 |
|a Social policy
|2 SNKPHeng
|9 310357
|
| 651 |
|
7 |
|a Slovensko
|2 SNKPH
|9 14231
|
| 651 |
|
7 |
|a Slovakia
|2 SNKPHeng
|9 92630
|
| 655 |
|
7 |
|a učebnice vysokých škôl
|2 SNKPH
|9 70191
|
| 655 |
|
7 |
|a Textbooks (higher)
|2 SNKPHeng
|9 276436
|
| 919 |
|
|
|a 978-80-8181-010-7
|
| 958 |
|
|
|a TL
|
| 958 |
|
|
|a NB
|
| 958 |
|
|
|a SK
|
| 958 |
|
|
|a UV
|
| 999 |
|
|
|c 845039
|d 846969
|
| 952 |
|
|
|a SNK
|b SNK
|y PREZ
|7 0
|p 17A1183247
|o snkSB 89804
|i snk2016/7540
|8 0
|0 0
|1 0
|4 0
|d 2016-03-16
|f 1
|l 0
|r 2025-05-12 00:00:00
|w 2026-02-24
|
| 952 |
|
|
|a SNK
|b SNK
|y VYP
|7 0
|p 17A1183248
|o snkSB 89804 D1
|i snk2016/7541
|8 0
|0 0
|1 0
|4 0
|d 2016-03-16
|l 0
|r 2026-02-24 04:23:59
|w 2026-02-24
|